LEADER 01221nam a2200277 i 4500 001 000000245212 003 CaOOAMICUS 005 20150929000000.0 008 150929s1962 it u000 u ita u 013 $a224117 040 $aSeMil$bita 100 1 $aCharue, André-Marie .$0(OLS)http://semarc/name/14472 240 13$aLe Clerge diocesain : tel qu'un évêque le voit et le souhaite.$0(OLS)http://semarc/title/70047 245 13$aIl clero diocesano :$bcome un Vescovo lo vede e lo desidera /$cMons. A. M. Charue. 260 $aRoma :$bPaoline,$ccopyr. 1962. 300 $a441 p. ;$c19 cm. 490 0 $aBiblioteca di cultura religiosa 500 $aContiene : Appendici. - Fondo card. Giovanni Colombo. 650 4$aChiesa cattolica - Clero.$0(OLS)http://semarc/subject/5374 830 0$aBiblioteca di cultura religiosa.$0(OLS)http://semarc/title/85 850 $aSeMil 852 $aSeMil$W1$xVenegono$y1$m3GC I 500$j195558$B195558$CSeMilBibl$Z2$F206231 $8B 941 1 $a3 961 $aLascito: Colombo Card. Giovanni 996 $6245$aIl clero diocesano :$bcome un Vescovo lo vede e lo desidera$9(OLS)http://semarc/title/346943 996 $6260$aRoma :$bPaoline$9(OLS)http://semarc/publisher/29686 LEADER 01254nam a2200241 i 4500 001 000000068780 003 CaOOAMICUS 005 20100809000000.0 008 100809s1959 it u000 u ita u 013 $a39952 040 $aSeMil$bita 245 10$aSociologia :$bapplicazioni e ricerche : atti del 4. congresso mondiale di sociologia /$c[ed. italiana a cura del Centro nazionale di prevenzione e difesa sociale e della Associazione italiana di scienze sociali]. 260 $aBari :$bLaterza,$c1959. 300 $a452 p. ;$c22 cm. 490 0 $aBiblioteca di cultura moderna ;$v541 650 4$aSociologia - Atti di congressi.$0(OLS)http://semarc/subject/1312 710 0 $aCentro nazionale di prevenzione e difesa sociale .$0(OLS)http://semarc/name/9365 711 0 $aCongresso mondiale di sociologia <4. ; 1959>.$0(OLS)http://semarc/name/34351 830 0$aBiblioteca di cultura moderna ;$v541.$0(OLS)http://semarc/title/639 850 $aSeMil 852 $aSeMil$W1$xVenegono$y1$m3M II 457$j258732$B34933$CSeMilBibl$Z2$F34936 $81 996 $6245$aSociologia :$bapplicazioni e ricerche : atti del 4. congresso mondiale di sociologia$9(OLS)http://semarc/title/109959 996 $6260$aBari :$bLaterza$9(OLS)http://semarc/publisher/29858